000 01764nam0a2200397 4500
001 RU\NLR\BIBL_A\011792175
005 20190716111529.0
010 _a978-5-91283-938-2
_9130
021 _aRU
_bКН-П-18-058951
_9КН-П-18-4244
021 _aRU
_bКН-П-18-058951
_9КН-П-18-4795
035 _a(NLR Aleph) 011792175
035 _a(RuMoRGB)009711069
090 _a11828241
_c11828241
100 _a20180914d2018 k y0rusy50 ca
101 0 _arus
102 _aRU
105 _aac z 0 1y
200 1 _aТрудмобилизованные Средне-Азиатского военного округа на Южном Урале в 1942-1945 гг.
_eмонография
_fБорис Шмыров
210 _aЧелябинск
_cЦицеро
_d2018
215 _a206 с.
_cил., портр., факс., табл.
_d22
320 _aБиблиогр.: с. 192-198
320 _aУказ. имен: с. 202-204
320 _aУказ. населенных пунктов: с. 205-206
606 1 _aВеликая Отечественная война
_xТыл (воен.)
_yУрал
_z1941 - 1945
_92283765
_3RU\NLR\AUTH\661368133
606 1 _aТрудовые ресурсы
_xИспользование
_yУрал Южный
_z1942 - 1945
_92417431
_3RU\NLR\AUTH\6601658696
610 0 _aтрудмобилизованные
610 0 _aпромышленные предприятия Южного Урала
686 1 _aТ3(2)722.9-207
686 1 _aЦ35(2)722-7(2Р36)
686 1 _aУ24(2)06(2Р36)
700 1 _7ca
_8rus
_aШмыров
_bБ. Д.
_gБорис Даниилович
_9160728
_3RU\NLR\AUTH\770160770
942 _cBOOK
980 _aNBR
980 _aNB